| 000 | 00743nam a2200229 a 4500 | ||
|---|---|---|---|
| 001 | 65026 | ||
| 003 | BD-RjUL | ||
| 005 | 20211209081359.0 | ||
| 008 | 170226s1983 bg ||||| |||| 00| 0 ben d | ||
| 035 | _a(BD-RjUL)65156 | ||
| 040 |
_aBD-RjUL _bben _cBD-RjUL _dBD-RjUL |
||
| 041 | _aben | ||
| 082 |
_223 _a891.443 _bMAP 1983 |
||
| 100 |
_aমাহমুদ, আল _9123829 |
||
| 245 | 1 | 0 |
_aপানকৌড়ির রক্ত / _cআল মাহমুদ |
| 250 | _a২য় সং. | ||
| 260 |
_aঢাকা : _bমুক্তধারা, _c১৯৮৩ |
||
| 300 |
_a৯৯ পৃ. ; _c২৩ সেমি |
||
| 650 |
_aবাংলা উপন্যাস _9123830 |
||
| 650 |
_aBengali Fiction _9123831 |
||
| 942 |
_2ddc _cBK |
||
| 999 |
_c65026 _d65026 |
||